| 000 | 00471nam a22001577a 4500 | ||
|---|---|---|---|
| 008 | 230428b |||||||| |||| 00| 0 eng d | ||
| 020 | _a0471995002 | ||
| 040 |
_aNational Science Library _cNational Science Library |
||
| 080 |
_a519.2:613/614 _bL7 |
||
| 100 |
_aBailey, Norman T J _97755 |
||
| 245 | _aMathematics, statistics, and systems for health | ||
| 260 |
_aChichester: _bJohn wiley & Sons, _c1977 |
||
| 300 | _ax, 222p. | ||
| 650 | _aScience | ||
| 942 |
_2udc _cBK |
||
| 999 |
_c24623 _d24623 |
||